[Event "Neumuenster"]
[Site "?"]
[Date "1999.08.06"]
[Round "7.1"]
[White "Klein Annette"]
[Black "Cleven Maria"]
[Result "1-0"]
[WhiteElo "1735"]
[BlackElo "2051"]
[PlyCount "135"]
[EventDate "1999.??.??"]
[Source "www.chesslib.no"]
[SourceDate "2004.05.04"]

1. d4 Nf6 2. f4 g6 3. e3 d5 4. Nf3 Bg7 5. Bd3 Bf5 6. O-O Nbd7 7. Bd2 c5 8. Bxf5 gxf5 9. c3 e6 10. Be1 Qb6 11. Qc2 Ne4 12. Kh1 Ndf6 13. Ne5 Qa6 14. Nd3 h5 15. Bh4 Ng4 16. Re1 c4 17. Ne5 f6 18. Nf3 Qd6 19. h3 Nh6 20. Nbd2 Ng8 21. Ng1 Ne7 22. Rf1 Ng6 23. Be1 h4 24. Ne2 Kf7 25. b3 b5 26. Rb1 Rab8 27. Nxe4 fxe4 28. Bd2 Ne7 29. a4 cxb3 30. Qxb3 bxa4 31. Qxa4 Rxb1 32. Rxb1 Rb8 33. Rxb8 Qxb8 34. Qb4 Qc7 35. Kg1 a5 36. Qb5 Qc4 37. Qxc4 dxc4 38. Nc1 Ke8 39. Kf2 Kd7 40. Ke2 Kc6 41. Be1 Nf5 42. Kd2 Kb5 43. Bf2 Ka4 44. Kc2 Bf8 45. Ne2 Ba3 46. g4 hxg3 47. Nxg3 Nxg3 48. Bxg3 f5 49. Bh4 Bf8 50. Bg5 Kb5 51. h4 Kc6 52. h5 Kd7 53. h6 Ke8 54. h7 Bg7 55. Kb2 Kf7 56. Ka3 Kg6 57. Ka4 Kxh7 58. Kxa5 Kg6 59. Kb5 Kh5 60. Kxc4 Kg4 61. Kb5 Bxd4 62. cxd4 Kf3 63. Kc6 Kxe3 64. Kd6 Kxd4 65. Kxe6 e3 66. Kxf5 e2 67. Bh4 Kd5 68. Kg6 1-0

[Event "Bad Schussenried(16.09-24.09)"]
[Site "?"]
[Date "1994.??.??"]
[Round "4"]
[White "Granitzki Werner"]
[Black "Krueger Sigurd"]
[Result "1-0"]
[WhiteElo "1950"]
[BlackElo "1835"]
[PlyCount "145"]
[EventDate "1994.??.??"]
[Source "www.chesslib.no"]
[SourceDate "2004.05.04"]

1. d4 Nf6 2. f4 d5 3. Nf3 e6 4. e3 c5 5. c3 Nc6 6. Be2 cxd4 7. exd4 Bd6 8. O-O Ne4 9. Ne5 O-O 10. Nd2 Bxe5 11. fxe5 Nxd2 12. Qxd2 f6 13. exf6 Rxf6 14. Rxf6 Qxf6 15. Bf3 Bd7 16. Qg5 Rf8 17. Qxf6 Rxf6 18. Bd2 h6 19. Re1 b5 20. b3 Ne7 21. Be3 Nf5 22. Bf2 g6 23. Bd1 Rf8 24. g4 Ne7 25. Bg3 g5 26. Bd6 Rf7 27. Bc2 Nc6 28. Re3 Kg7 29. Bd3 a6 30. c4 bxc4 31. bxc4 Kg8 32. Bc5 Rf4 33. h3 Nxd4 34. Bxd4 Rxd4 35. cxd5 exd5 36. Bxa6 Ra4 37. Bb7 Rd4 38. Re5 Rd1+ 39. Kf2 d4 40. Ke2 Ba4 41. Bd5+ Kg7 42. Re7+ Kf8 43. Rf7+ Ke8 44. Rf3 Bc2 45. Bf7+ Ke7 46. Bg6 Ba4 47. Ra3 Rh1 48. Rxa4 Kf6 49. Bf5 Rxh3 50. Ra6+ Ke5 51. a4 h5 52. Ra5+ Kf4 53. gxh5 g4 54. Bd7 Re3+ 55. Kd2 g3 56. Bh3 Ra3 57. h6 g2 58. Bxg2 Ra2+ 59. Kd3 Rxg2 60. Kxd4 Rh2 61. Ra6 Kg5 62. Kc5 Kf5 63. a5 Ke5 64. Rc6 Rc2+ 65. Kb6 Rb2+ 66. Ka7 Rh2 67. a6 Kd5 68. Kb7 Rb2+ 69. Rb6 Rf2 70. a7 Rf7+ 71. Ka6 Rf8 72. Rb8 Rf6+ 73. Kb5 1-0

[Event "Landesliga Nord 0203"]
[Site "?"]
[Date "2003.02.23"]
[Round "7.8"]
[White "Bussas Hans"]
[Black "Grafl Reinhard"]
[Result "1-0"]
[WhiteElo "1918"]
[BlackElo "1859"]
[PlyCount "73"]
[EventDate "2003.??.??"]
[Source "www.chesslib.no"]
[SourceDate "2004.05.04"]

1. d4 Nf6 2. f4 e6 3. Nf3 c5 4. e3 Nc6 5. Bd3 cxd4 6. exd4 Bb4+ 7. c3 Bd6 8. O-O a6 9. a4 b6 10. Ne5 Bb7 11. Nd2 Be7 12. Ndf3 d6 13. Ng5 O-O 14. Ng4 Nxg4 15. Qxg4 g6 16. f5 exf5 17. Rxf5 Bc8 18. Qh4 h5 19. Rf3 Kg7 20. Bd2 f6 21. Qe4 Qe8 22. Ne6+ Bxe6 23. Qxe6 Qc8 24. Qe3 Rh8 25. Raf1 d5 26. Qf2 Qe6 27. Rg3 g5 28. Bf5 Qd6 29. Bf4 Qd8 30. Be6 h4 31. Rg4 Rf8 32. Qxh4 Rh8 33. Qg3 Rf8 34. Bf5 Kf7 35. h4 Rg8 36. hxg5 fxg5 37. Bc7 1-0

[Event "GER-chT Landesliga (Women)"]
[Site "?"]
[Date "2001.08.03"]
[Round "7.1"]
[White "Brzuska Christina"]
[Black "Cleven Maria"]
[Result "0-1"]
[WhiteElo "1728"]
[BlackElo "2047"]
[PlyCount "44"]
[EventDate "2001.??.??"]
[Source "www.chesslib.no"]
[SourceDate "2004.05.04"]

1. d4 Nf6 2. f4 g6 3. e3 Bg7 4. Nf3 O-O 5. Bd3 d5 6. O-O c5 7. c3 c4 8. Bc2 Nc6 9. Nbd2 Bf5 10. Bxf5 gxf5 11. b4 b5 12. a4 bxa4 13. Qxa4 Qb6 14. Ne5 Nxe5 15. fxe5 Ne4 16. Nxe4 fxe4 17. Rf2 f6 18. Qd7 fxe5 19. Qxd5+ Kh8 20. Rxf8+ Rxf8 21. dxe5 Qg6 22. Rxa7 Qf5 0-1

[Event "Bad Wörishofen (05.03.-13.03)"]
[Site "?"]
[Date "1999.??.??"]
[Round "5"]
[White "Ganslmayer Herbert"]
[Black "Stumpf Walter"]
[Result "1/2-1/2"]
[WhiteElo "1791"]
[BlackElo "1967"]
[PlyCount "149"]
[EventDate "1999.??.??"]
[Source "www.chesslib.no"]
[SourceDate "2004.05.04"]

1. d4 Nf6 2. f4 e6 3. e3 d5 4. Bd3 Be7 5. Nf3 Nbd7 6. O-O Ne4 7. Qe1 Ndf6 8. Nbd2 c6 9. Ne5 Nxd2 10. Bxd2 Ne4 11. Qe2 g6 12. Rad1 f6 13. Nf3 b6 14. Bc1 Bb7 15. c3 a5 16. Qc2 Ba6 17. Nd2 Nxd2 18. Rxd2 Bxd3 19. Qxd3 f5 20. Qe2 b5 21. Rf3 a4 22. Rh3 Kd7 23. g4 Qf8 24. a3 h6 25. Kh1 Qf7 26. Qf3 h5 27. g5 Rhc8 28. Rg3 Kc7 29. h4 Kb6 30. Rgg2 Qe8 31. Rc2 Qd7 32. Kh2 Bd6 33. Kg3 Rc7 34. Bd2 Qe7 35. Bc1 Kb7 36. Qe2 Kc8 37. Qd3 Kd7 38. Qe2 Ke8 39. Qd3 Kf7 40. Rgf2 Qd7 41. Qe2 Rac8 42. Qd3 Bf8 43. Bd2 c5 44. Bc1 Qc6 45. Qd2 Bg7 46. Qd3 Qb7 47. Rcd2 Rc6 48. Rd1 Qb6 49. Bd2 Bf8 50. Be1 Qb7 51. Bd2 Ke8 52. Qb1 Rb8 53. Be1 b4 54. cxb4 cxb4 55. axb4 Bxb4 56. Bxb4 Qxb4 57. Rdd2 Rc3 58. Kf3 Qb3 59. Qe1 Rc4 60. Qe2 Rbc8 61. Rd3 Qb5 62. Ra3 Rb8 63. Qd1 Rbc8 64. Re2 Rb8 65. Rc2 Rbc8 66. Rxc4 Rxc4 67. Qa1 Kd7 68. b3 axb3 69. Ra7+ Rc7 70. Rxc7+ Kxc7 71. Qa7+ Qb7 72. Qc5+ Kd7 73. Qf8 Qb6 74. Qf7+ Kc8 75. Qe8+ 1/2-1/2

[Event "Corr"]
[Site "?"]
[Date "2002.10.01"]
[Round "?"]
[White "Karlsson Patrik"]
[Black "Boucqueau Dimitri"]
[Result "1-0"]
[WhiteElo "1889"]
[BlackElo "1864"]
[PlyCount "39"]
[EventDate "2002.??.??"]
[Source "www.chesslib.no"]
[SourceDate "2004.05.04"]

1. d4 Nf6 2. f4 d5 3. Nf3 e6 4. e3 c5 5. c3 Nc6 6. Bd3 Bd6 7. O-O Qc7 8. Ne5 Bd7 9. Nd2 Ne7 10. Qf3 Bc6 11. Qg3 Ng6 12. Ndf3 O-O 13. Ng5 c4 14. Bxg6 hxg6 15. Qh3 Rae8 16. Qh4 Qa5 17. Rf3 Qa4 18. b3 cxb3 19. Rh3 Nh5 20. g4 1-0

[Event "Dreifluesse op 8th"]
[Site "Passau"]
[Date "2000.04.21"]
[Round "1"]
[White "Reiser, Charles Roy"]
[Black "Beising, Friedrich"]
[Result "0-1"]
[WhiteElo "2112"]
[BlackElo "1640"]
[PlyCount "129"]
[EventDate "2000.04.21"]
[Source "ChessBase"]
[SourceDate "2000.07.11"]

1. d4 Nf6 2. f4 d5 3. Nf3 Bf5 4. e3 e6 5. Bd3 Bxd3 6. Qxd3 c5 7. c3 Be7 8. Ne5 Nbd7 9. O-O O-O 10. Nd2 cxd4 11. exd4 Rc8 12. Rf3 Ne8 13. Rh3 f5 14. Ndf3 Nd6 15. Nxd7 Qxd7 16. g4 Ne4 17. g5 Qe8 18. Ne5 Bd6 19. Nf3 a6 20. Be3 Qf7 21. Re1 Qc7 22. Rh4 g6 23. a3 b5 24. Nd2 Rf7 25. Qf1 Rcf8 26. Rh3 Kg7 27. Re2 Kg8 28. Rf3 a5 29. h4 b4 30. cxb4 axb4 31. axb4 Bxb4 32. Rh3 Bxd2 33. Bxd2 Qc4 34. Bc3 Rc7 35. Qe1 Ra8 36. Rc2 Rca7 37. Rc1 Qc7 38. Qe3 Ra1 39. Rh2 Rxc1+ 40. Qxc1 Qc4 41. Qf1 Qxf1+ 42. Kxf1 Ra1+ 43. Kg2 Rc1 44. Rh3 Rc2+ 45. Kf1 Rf2+ 46. Ke1 Rxf4 47. Ba5 Nd6 48. h5 Rxd4 49. hxg6 Re4+ 50. Kf2 hxg6 51. Bd8 Rb4 52. b3 Ne4+ 53. Ke2 Nc5 54. Bf6 Rxb3 55. Rh8+ Kf7 56. Rh7+ Ke8 57. Rg7 f4 58. Rxg6 f3+ 59. Kf1 Ne4 60. Rg8+ Kf7 61. Rg7+ Kf8 62. Kg1 f2+ 63. Kh2 f1=Q 64. Rf7+ Kxf7 65. g6+ 0-1

[Event "Niederrhein"]
[Site "?"]
[Date "2002.03.30"]
[Round "9.9"]
[White "Frenzel Siegfried"]
[Black "Kienitz Andre"]
[Result "1/2-1/2"]
[WhiteElo "1822"]
[BlackElo "1906"]
[PlyCount "122"]
[EventDate "2002.??.??"]
[Source "www.chesslib.no"]
[SourceDate "2004.05.04"]

1. d4 Nf6 2. f4 d5 3. e3 c5 4. c3 Nc6 5. Bd3 Qc7 6. Nf3 Bg4 7. O-O e6 8. h3 Bf5 9. Bxf5 exf5 10. Ne5 Bd6 11. Nd2 O-O 12. Ndf3 g6 13. Bd2 Ne4 14. Be1 f6 15. dxc5 Bxc5 16. Qxd5+ Kg7 17. Nd4 Bxd4 18. exd4 fxe5 19. fxe5 Rad8 20. Qc4 Qe7 21. a4 Rfe8 22. a5 Qe6 23. Qb5 Rd7 24. Qe2 Qd5 25. g4 Nxd4 26. cxd4 Qxd4+ 27. Kh1 Rxe5 28. Qg2 fxg4 29. Qxg4 Rg5 30. Qxg5 Nxg5 31. Bc3 Qxc3 32. bxc3 Nxh3 33. Rab1 Ng5 34. Rb4 Ne6 35. Rfb1 Nd8 36. c4 Kf6 37. Re1 Nc6 38. Rb5 a6 39. Rb6 Kf5 40. Ra1 Ke5 41. Kg2 Rf7 42. Rd1 h5 43. Rd5+ Kf6 44. Rb3 Kg7 45. Rb2 Kh6 46. Kg3 Re7 47. Rf2 Re4 48. Rf7 Rxc4 49. Rxb7 Ra4 50. Rb6 Rxa5 51. Rxa5 Nxa5 52. Rxa6 Nb7 53. Kh4 Nc5 54. Rb6 Nd7 55. Ra6 Ne5 56. Rb6 Nf3+ 57. Kg3 Nd4 58. Kf4 Nf5 59. Rf6 Ng7 60. Ra6 Nf5 61. Rf6 Ng7 1/2-1/2

[Event "Raika op 8th"]
[Site "?"]
[Date "1999.08.19"]
[Round "5.20"]
[White "Koefeler Christian"]
[Black "Eichert Wolfgang"]
[Result "0-1"]
[WhiteElo "1776"]
[BlackElo "1941"]
[PlyCount "64"]
[EventDate "1999.??.??"]
[Source "www.chesslib.no"]
[SourceDate "2004.05.04"]

1. d4 Nf6 2. f4 g6 3. Nf3 Bg7 4. e3 O-O 5. Bc4 b6 6. c3 Ba6 7. Bxa6 Nxa6 8. Qe2 Qc8 9. O-O Qb7 10. Nbd2 c5 11. e4 cxd4 12. e5 d3 13. Qxd3 Nd5 14. Ne4 Rac8 15. Rd1 Ndc7 16. Be3 Rfd8 17. g4 d5 18. exd6 exd6 19. Bd4 Nc5 20. Bxc5 dxc5 21. Qc2 Nd5 22. f5 Ne3 23. Rxd8+ Rxd8 24. Qa4 c4 25. Nfg5 h6 26. Re1 Nxg4 27. Nd6 Rxd6 28. Qxc4 Nf6 29. fxg6 hxg5 30. Qb5 Qc6 31. gxf7+ Kxf7 32. Qxg5 Qc5+ 0-1

[Event "Baiersbronn"]
[Site "?"]
[Date "1998.10.26"]
[Round "3"]
[White "Welsch Lothar"]
[Black "Hansen Dirk"]
[Result "1/2-1/2"]
[WhiteElo "1850"]
[BlackElo "1865"]
[PlyCount "136"]
[EventDate "1998.??.??"]
[Source "www.chesslib.no"]
[SourceDate "2004.05.04"]

1. d4 Nf6 2. f4 d5 3. Nf3 Bf5 4. e3 e6 5. c3 Bd6 6. Be2 Nbd7 7. O-O c6 8. Bd2 Ne4 9. Be1 h6 10. Nbd2 g5 11. Ne5 Nxd2 12. Bxd2 Nf6 13. Be1 Qe7 14. Bf3 O-O-O 15. b4 Rdg8 16. a3 g4 17. Be2 Bxe5 18. dxe5 Ne4 19. g3 h5 20. Bd3 h4 21. Bxe4 Bxe4 22. Ra2 hxg3 23. Bxg3 Rh3 24. Kf2 f5 25. exf6 Qxf6 26. Qd4 Qxd4 27. exd4 Kd7 28. Re1 Rgh8 29. Ke3 Bf5 30. Rae2 b6 31. Kd2 R3h6 32. Kc1 Kd6 33. Kb2 c5 34. Rc1 Rc8 35. Rd2 cxd4 36. Rxd4 b5 37. a4 a6 38. axb5 axb5 39. Ra1 Rhh8 40. Ra5 Kc6 41. Rd1 Ra8 42. Rda1 Rxa5 43. Rxa5 Rd8 44. Bf2 Bd3 45. Ra6+ Kd7 46. Ra7+ Kc6 47. Kc1 Rh8 48. Bg3 Kb6 49. Ra3 Kb7 50. Kd2 Bc4 51. Ke3 Ra8 52. Rxa8 Kxa8 53. Kd4 Kb7 54. Kc5 Kc8 55. Kd6 Kd8 56. Be1 Ke8 57. Kxe6 d4+ 58. Kf5 d3 59. Kxg4 Kf7 60. Kf3 Kg6 61. Ke4 Kf6 62. Bd2 Ke6 63. h4 Kf6 64. h5 Ke6 65. h6 Kf6 66. f5 Bg8 67. Kxd3 Kxf5 68. Kd4 Kg6 1/2-1/2

[Event "Bayernliga 2000/01"]
[Site "?"]
[Date "2000.??.??"]
[Round "?"]
[White "Bussas Hans"]
[Black "Laurent Rudolf"]
[Result "1/2-1/2"]
[WhiteElo "1920"]
[BlackElo "1785"]
[PlyCount "67"]
[EventDate "2000.??.??"]
[Source "www.chesslib.no"]
[SourceDate "2004.05.04"]

1. d4 Nf6 2. f4 e6 3. Nf3 b6 4. e3 Bb7 5. Bd3 d5 6. O-O Ne4 7. Nbd2 Be7 8. c4 f5 9. Ne5 O-O 10. Ndf3 Nd7 11. Nxd7 Qxd7 12. Ne5 Qe8 13. Bd2 Bd6 14. Rc1 Nxd2 15. Qxd2 Bxe5 16. dxe5 Rd8 17. c5 d4 18. cxb6 cxb6 19. Rc7 Rf7 20. Rfc1 dxe3 21. Qxe3 Rfd7 22. Bf1 Rxc7 23. Rxc7 Rd7 24. Rxd7 Qxd7 25. Be2 Qa4 26. Qd2 Qc6 27. Bd1 Qc5+ 28. Kf1 Ba6+ 29. Be2 Bxe2+ 30. Kxe2 Qc4+ 31. Kf3 Qxa2 32. Qd8+ Kf7 33. Qd7+ Kf8 34. Qd8+ 1/2-1/2

[Event "Wiesbaden"]
[Site "?"]
[Date "2000.09.01"]
[Round "8"]
[White "Lazic Slobodan"]
[Black "Fleck Ronald"]
[Result "1-0"]
[WhiteElo "1918"]
[BlackElo "1786"]
[PlyCount "67"]
[EventDate "2000.??.??"]
[Source "www.chesslib.no"]
[SourceDate "2004.05.04"]

1. d4 Nf6 2. f4 d5 3. e3 e6 4. Bd3 c5 5. c3 Nc6 6. Nd2 Be7 7. Ngf3 Bd7 8. Ne5 O-O 9. O-O c4 10. Bc2 b5 11. Qf3 b4 12. Qh3 Rb8 13. g4 g6 14. g5 Nh5 15. Ndf3 Qe8 16. e4 Rb7 17. exd5 exd5 18. f5 Qc8 19. Nxd7 Qxd7 20. Qh4 Bd6 21. Re1 Re8 22. Bd2 Rbb8 23. f6 Rxe1+ 24. Rxe1 Re8 25. Ba4 Rxe1+ 26. Qxe1 Qg4+ 27. Kf2 Qc8 28. Bxc6 Qxc6 29. cxb4 Nf4 30. Bxf4 Bxf4 31. Qe7 Qc8 32. h4 h5 33. Qxa7 Qe6 34. Qe7 1-0

[Event "Wichern op 5th"]
[Site "?"]
[Date "1999.10.16"]
[Round "2"]
[White "Mossekel Manfred"]
[Black "Thiruchelvam Murugan"]
[Result "0-1"]
[WhiteElo "1696"]
[BlackElo "2000"]
[PlyCount "94"]
[EventDate "1999.??.??"]
[Source "www.chesslib.no"]
[SourceDate "2004.05.04"]

1. d4 Nf6 2. f4 d5 3. Nf3 e6 4. e3 Nbd7 5. Bd3 Be7 6. O-O c5 7. c3 b6 8. Qc2 Bb7 9. Nbd2 Ne4 10. Ne5 O-O 11. Ndf3 Nxe5 12. Nxe5 f6 13. Nf3 Bd6 14. Bd2 Qc7 15. Be1 e5 16. g3 Rae8 17. Bb5 Re7 18. Qg2 a6 19. Bd3 exd4 20. exd4 Rfe8 21. Qh3 Qd7 22. f5 Bc8 23. Nh4 c4 24. Bc2 Ng5 25. Qg4 Re2 26. Rc1 Qf7 27. Ng2 Qc7 28. Rf2 Rxf2 29. Bxf2 Qf7 30. Re1 Rxe1+ 31. Nxe1 Qe8 32. Kf1 Qb5 33. Qe2 Bd7 34. Bb1 Ba3 35. bxa3 Qxb1 36. Qe7 Qxf5 37. Qe3 Qe4 38. Ng2 Bh3 39. Qxe4 Nxe4 40. Be1 Kf7 41. Kg1 Bxg2 42. Kxg2 Ke6 43. Kf3 h5 44. h3 g5 45. a4 Kf5 46. g4+ hxg4+ 47. hxg4+ Kg6 0-1

[Event "Raika op 5th"]
[Site "?"]
[Date "1996.??.??"]
[Round "?"]
[White "Hafner Bernhard"]
[Black "Kahlig Martin"]
[Result "1/2-1/2"]
[WhiteElo "2085"]
[BlackElo "1605"]
[PlyCount "115"]
[EventDate "1996.??.??"]
[Source "www.chesslib.no"]
[SourceDate "2004.05.04"]

1. d4 Nf6 2. f4 d5 3. e3 Bg4 4. Be2 Bxe2 5. Qxe2 c6 6. Nf3 Nbd7 7. Nbd2 e6 8. O-O Be7 9. Ne5 Qc7 10. Kh1 Nxe5 11. fxe5 Nd7 12. e4 dxe4 13. Nxe4 Rf8 14. Bg5 Nb6 15. Bxe7 Qxe7 16. Nd6+ Kd8 17. Qh5 Kc7 18. Qxh7 Rh8 19. Qxh8 Rxh8 20. Rxf7 Qxf7 21. Nxf7 Rf8 22. Ng5 Kd7 23. Kg1 Nd5 24. c3 Nf4 25. g3 Nd5 26. Rf1 Rxf1+ 27. Kxf1 Ne3+ 28. Ke2 Nf5 29. Kf3 Ke7 30. a4 Kd7 31. Ke4 Ke7 32. b4 Kd7 33. c4 Ne7 34. g4 g6 35. Nh7 Ke8 36. h4 Nc8 37. d5 Nb6 38. dxc6 bxc6 39. Nf6+ Ke7 40. Kd4 Nxa4 41. b5 c5+ 42. Kd3 Nb6 43. Kc3 Kf8 44. h5 gxh5 45. gxh5 Kg7 46. Ne4 Nd7 47. Kb3 Kh6 48. Nd6 Nxe5 49. Nc8 Kxh5 50. Nxa7 Nd7 51. Nc8 e5 52. Nd6 Nb6 53. Ne4 Nd7 54. Kc3 Kg4 55. Kd3 Kf3 56. Nc3 Nb6 57. Ne4 Nd7 58. Nd2+ 1/2-1/2

[Event "Bahn-chS"]
[Site "?"]
[Date "1998.10.28"]
[Round "5"]
[White "Krause Rudolf"]
[Black "Bleul Peter"]
[Result "1/2-1/2"]
[WhiteElo "1714"]
[BlackElo "1968"]
[PlyCount "43"]
[EventDate "1998.??.??"]
[Source "www.chesslib.no"]
[SourceDate "2004.05.04"]

1. d4 Nf6 2. f4 g6 3. Nf3 Bg7 4. e3 O-O 5. Be2 c5 6. c3 d6 7. O-O Nc6 8. Nbd2 b6 9. a3 Bb7 10. Qe1 Nd5 11. Nb3 cxd4 12. exd4 Rc8 13. Bd2 e5 14. fxe5 dxe5 15. dxe5 Nxe5 16. Nxe5 Bxe5 17. Bf3 Qc7 18. Qh4 Bf6 19. Qf2 Be5 20. Qh4 Bf6 21. Qf2 Bg7 22. Rad1 1/2-1/2

[Event "Niederrhein"]
[Site "?"]
[Date "2002.03.25"]
[Round "4.12"]
[White "Frenzel Siegfried"]
[Black "Schott Detlef"]
[Result "0-1"]
[WhiteElo "1822"]
[BlackElo "1854"]
[PlyCount "90"]
[EventDate "2002.??.??"]
[Source "www.chesslib.no"]
[SourceDate "2004.05.04"]

1. d4 Nf6 2. f4 d5 3. e3 c5 4. c3 Nc6 5. Bd3 Bg4 6. Nf3 e6 7. h3 Bf5 8. O-O Rc8 9. Nbd2 Bd6 10. Bxf5 exf5 11. Ne5 O-O 12. Ndf3 Qe7 13. Bd2 Ne4 14. Be1 Nd8 15. Bh4 f6 16. Nd3 g5 17. fxg5 fxg5 18. dxc5 Bb8 19. Bf2 g4 20. Bh4 Qg7 21. hxg4 fxg4 22. Nh2 Bxh2+ 23. Kxh2 g3+ 24. Kg1 Rxf1+ 25. Qxf1 Ne6 26. Qf5 Qh6 27. Qg4+ Kh8 28. Bxg3 Qxe3+ 29. Bf2 Nxf2 30. Nxf2 Rg8 31. Qh4 Rg6 32. Kf1 Nf4 33. Re1 Qxe1+ 34. Kxe1 Nxg2+ 35. Ke2 Nxh4 36. Kd3 Rg2 37. Nd1 Kg7 38. Ne3 Rxb2 39. Nxd5 Ng6 40. Nb4 h5 41. a4 Rxb4 42. cxb4 h4 43. b5 h3 44. a5 h2 45. b6 axb6 0-1

[Event "Koblenz"]
[Site "?"]
[Date "1999.10.05"]
[Round "3"]
[White "Vieweg Mark"]
[Black "Lehr Thomas"]
[Result "0-1"]
[WhiteElo "1770"]
[BlackElo "1900"]
[PlyCount "59"]
[EventDate "1999.??.??"]
[Source "www.chesslib.no"]
[SourceDate "2004.05.04"]

1. d4 Nf6 2. f4 d5 3. Nf3 e6 4. e3 c5 5. c3 Nc6 6. Bd3 Ne4 7. O-O f5 8. Ne5 Nxe5 9. fxe5 h5 10. Nd2 Nxd2 11. Bxd2 Bd7 12. Be2 g6 13. h3 Bc6 14. Rf4 Qb6 15. g4 hxg4 16. hxg4 O-O-O 17. b4 cxb4 18. cxb4 Qc7 19. Qf1 Qh7 20. Qg2 Qh3 21. Qxh3 Rxh3 22. Kg2 Rh7 23. b5 Bd7 24. Rh1 Rxh1 25. Kxh1 Be7 26. Kg2 Rh8 27. Rf1 b6 28. Rh1 Rxh1 29. Kxh1 a6 30. bxa6 0-1

[Event "Corr"]
[Site "?"]
[Date "2001.10.01"]
[Round "?"]
[White "Istomin Sergei"]
[Black "Freeman Ashley"]
[Result "1-0"]
[WhiteElo "1668"]
[BlackElo "2000"]
[PlyCount "119"]
[EventDate "2001.??.??"]
[Source "www.chesslib.no"]
[SourceDate "2004.05.04"]

1. d4 Nf6 2. f4 d5 3. Nf3 g6 4. c3 Bg7 5. e3 O-O 6. Bd3 b6 7. O-O c5 8. Bd2 Ba6 9. Bxa6 Nxa6 10. Be1 Nc7 11. Ne5 Qd6 12. Nd2 Nd7 13. Bh4 f6 14. Nd3 e5 15. f5 c4 16. Ne1 Bh6 17. Rf3 Qe7 18. Rh3 exd4 19. exd4 Rfe8 20. Nf1 Bg7 21. Re3 Qf7 22. Bg3 Bh6 23. Rf3 Rac8 24. Qc2 b5 25. a4 b4 26. cxb4 Re4 27. Qf2 Qe7 28. Bxc7 Rxc7 29. fxg6 hxg6 30. Nc2 Qd6 31. Ng3 Re8 32. Ne2 f5 33. Nc3 Rc6 34. b5 Rcc8 35. Qg3 f4 36. Qh4 Kg7 37. g3 g5 38. Qh3 Nf6 39. gxf4 g4 40. Qg3 Kh7 41. Rf2 Nh5 42. Qh4 g3 43. hxg3 Nxg3 44. Qh3 Rg8 45. Kh2 Rcf8 46. Rg1 Ne4 47. Nxe4 dxe4 48. Rxg8 Kxg8 49. Qg2+ Kh8 50. Qxe4 Bxf4+ 51. Kg1 Qh6 52. Rg2 Qh5 53. Qe2 Qh6 54. Qg4 Re8 55. Qg6 Qxg6 56. Rxg6 Re2 57. Rg2 Re4 58. Rf2 Kg7 59. Rf3 Be5 60. dxe5 1-0

[Event "Athens SAE op"]
[Site "?"]
[Date "2001.10.22"]
[Round "5.11"]
[White "Patriarheas Georgios"]
[Black "Psittos Konstantinos"]
[Result "1-0"]
[WhiteElo "1740"]
[BlackElo "1925"]
[PlyCount "79"]
[EventDate "2001.??.??"]
[Source "www.chesslib.no"]
[SourceDate "2004.05.04"]

1. d4 Nf6 2. f4 d5 3. e3 Bf5 4. Bd3 Bg4 5. Nf3 e6 6. O-O c5 7. c3 Nc6 8. Qe1 Be7 9. Nbd2 Qb6 10. Ne5 Bh5 11. h3 Bg6 12. Qe2 Nh5 13. Bxg6 hxg6 14. Qf3 Bh4 15. Rd1 Ng3 16. b3 cxd4 17. Nxc6 dxe3 18. Nd4 e2 19. Re1 Nf5 20. Bb2 Bxe1 21. Rxe1 Nxd4 22. cxd4 Qa6 23. a4 Rc8 24. Ba3 Rc2 25. Nb1 Rh4 26. Kh2 g5 27. Qg3 Qb6 28. Qxg5 Qd8 29. Qxg7 Rxf4 30. Qf8+ Kd7 31. Qd6+ Kc8 32. Qxf4 Qa5 33. Qg3 Qd8 34. Rc1 Rxc1 35. Bxc1 Qf6 36. Bd2 Qf5 37. Nc3 Qc2 38. Qg8+ Kd7 39. Qxf7+ Kc8 40. Qxe6+ 1-0

[Event "Potsdam (21.09.-27.09)"]
[Site "?"]
[Date "1996.09.??"]
[Round "?"]
[White "Schneider Miloca"]
[Black "Mellenthin Horst"]
[Result "0-1"]
[WhiteElo "1773"]
[BlackElo "1875"]
[PlyCount "78"]
[EventDate "1996.??.??"]
[Source "www.chesslib.no"]
[SourceDate "2004.05.04"]

1. d4 Nf6 2. f4 d5 3. Nf3 Bg4 4. e3 e6 5. Bd3 g6 6. Nbd2 Bg7 7. h3 Bxf3 8. Qxf3 Nc6 9. c3 Ne7 10. e4 h5 11. e5 Nd7 12. g4 c5 13. f5 gxf5 14. gxf5 Nxf5 15. Bxf5 Qh4+ 16. Kd1 exf5 17. Qxd5 cxd4 18. Nc4 Bf8 19. e6 fxe6 20. Qxe6+ Kd8 21. Qxf5 Be7 22. Ne5 Nxe5 23. Qxe5 Qf6 24. Qxf6 Bxf6 25. cxd4 Bxd4 26. Bg5+ Kd7 27. Kc2 Rac8+ 28. Kb3 Be5 29. Rad1+ Ke6 30. Rhe1 Rhf8 31. Rd3 Rf5 32. Re2 Rc6 33. Be3 a6 34. Bd4 Rd6 35. Kc2 Rc6+ 36. Kd2 Rd6 37. Re4 Rd5 38. Ke3 h4 39. Bxe5 Rfxe5 0-1

[Event "Baiersbronn"]
[Site "?"]
[Date "1998.10.26"]
[Round "2"]
[White "Welsch Lothar"]
[Black "Thomas Mario"]
[Result "1-0"]
[WhiteElo "1850"]
[BlackElo "1779"]
[PlyCount "49"]
[EventDate "1998.??.??"]
[Source "www.chesslib.no"]
[SourceDate "2004.05.04"]

1. d4 Nf6 2. f4 g6 3. Nf3 Bg7 4. e3 c5 5. c3 a6 6. Bd3 d5 7. O-O Bd7 8. Ne5 Bb5 9. Qe2 Bxd3 10. Qxd3 cxd4 11. exd4 Nbd7 12. Nd2 Rc8 13. f5 Nxe5 14. dxe5 Ng4 15. Nf3 Nxe5 16. Nxe5 Bxe5 17. Bh6 Qd6 18. h3 Rg8 19. Rae1 g5 20. f6 Rg6 21. Bg7 e6 22. Re2 h5 23. Rfe1 Bxf6 24. Rxe6+ fxe6 25. Qxg6+ 1-0

[Event "Bad Woerishofen op 17th"]
[Site "?"]
[Date "2001.??.??"]
[Round "4"]
[White "Mossekel Manfred"]
[Black "Belic Robert"]
[Result "0-1"]
[WhiteElo "1661"]
[BlackElo "1932"]
[PlyCount "80"]
[EventDate "2001.??.??"]
[Source "www.chesslib.no"]
[SourceDate "2004.05.04"]

1. d4 Nf6 2. f4 c5 3. e3 cxd4 4. exd4 g6 5. Nf3 Bg7 6. c3 d6 7. Bd3 Qc7 8. O-O O-O 9. Qe1 b6 10. Qh4 Ba6 11. Bxa6 Nxa6 12. Nbd2 Qd7 13. Ng5 Qg4 14. Qxg4 Nxg4 15. Ndf3 h6 16. Ne4 f5 17. Nf2 Nf6 18. Re1 Kf7 19. Bd2 Rac8 20. Re2 e6 21. Rae1 Rfe8 22. b3 b5 23. Rc1 Nb8 24. c4 bxc4 25. bxc4 Rc6 26. Bb4 Nbd7 27. Rec2 Rec8 28. g3 Nb6 29. c5 Nbd5 30. Ba3 Ne4 31. Nd3 Ke8 32. Nb4 Nxb4 33. Bxb4 g5 34. fxg5 hxg5 35. Rd1 g4 36. Nh4 dxc5 37. Bxc5 Bxd4+ 38. Rxd4 Rxc5 39. Re2 Rc2 40. Kg2 Rxe2+ 0-1

[Event "Saarlouis (28.05.-01.06)"]
[Site "?"]
[Date "2003.05.28"]
[Round "1"]
[White "Gretscher Werner"]
[Black "Hack Thomas"]
[Result "1/2-1/2"]
[WhiteElo "1397"]
[BlackElo "2062"]
[PlyCount "37"]
[EventDate "2003.??.??"]
[Source "www.chesslib.no"]
[SourceDate "2004.05.04"]

1. d4 Nf6 2. f4 e6 3. Nf3 c5 4. e3 Be7 5. Bd3 Nc6 6. c3 d5 7. O-O Bd7 8. Ne5 g6 9. Nd2 O-O 10. Ndf3 Ne4 11. Qc2 f5 12. Kh1 Rc8 13. Qe2 Nxe5 14. Nxe5 Bf6 15. b3 Nxc3 16. Qe1 Ne4 17. Bxe4 fxe4 18. dxc5 Bxe5 19. fxe5 1/2-1/2

[Event "EU-ch Railways USIC"]
[Site "?"]
[Date "2000.06.22"]
[Round "4.6"]
[White "Tasonis Panagiotis"]
[Black "Mariucci Felice"]
[Result "1/2-1/2"]
[WhiteElo "1745"]
[BlackElo "1630"]
[PlyCount "83"]
[EventDate "2000.??.??"]
[Source "www.chesslib.no"]
[SourceDate "2004.05.04"]

1. d4 Nf6 2. f4 b6 3. e3 Bb7 4. Nf3 e6 5. Bd3 Be7 6. O-O O-O 7. Nbd2 c5 8. c3 Qc7 9. Qe1 d5 10. Ne5 Ne4 11. Qe2 Nd7 12. Nxd7 Qxd7 13. Nf3 f6 14. Bd2 a5 15. a4 c4 16. Bc2 Rac8 17. Be1 b5 18. axb5 Qxb5 19. Ba4 Qb6 20. Qc2 Rb8 21. Nd2 Nxd2 22. Qxd2 Ba6 23. Ra2 Rb7 24. Bg3 Bd6 25. Rfa1 Bc7 26. Rb1 Bb5 27. Bd1 Bd7 28. Qe2 Be8 29. Bc2 Bf7 30. b3 cxb3 31. Rxb3 Qc6 32. Rxb7 Qxb7 33. Bd3 Rb8 34. Be1 e5 35. Qc2 e4 36. Be2 Qb1 37. Qd2 h6 38. g3 a4 39. Kf2 Rf8 40. Kg2 Be8 41. Rb2 Qa1 42. Ra2 1/2-1/2